| 000 | 00711nam a2200241 a 4500 | ||
|---|---|---|---|
| 001 | 2060154 | ||
| 003 | OSt | ||
| 005 | 20230703152549.0 | ||
| 008 | 930805s1992 gh 000 0 eng | ||
| 010 | _a 93187829 | ||
| 040 |
_aDLC _cDLC |
||
| 043 | _af-gh--- | ||
| 082 | 0 | 0 |
_a342.667 _bROG |
| 110 | 1 | _aGhana. | |
| 240 | 1 | 0 | _aConstitution (1992) |
| 245 | 1 | 0 | _aConstitution of the Republic of Ghana. |
| 260 |
_a[Accra? : _bs.n., _c1992] _e([Accra?] : _fTema Press) |
||
| 300 |
_axxvi, 210 p. ; _c24 cm. |
||
| 650 | 0 |
_aConstitutions _zGhana. |
|
| 906 |
_a7 _bcbc _corignew _d2 _encip _f19 _gy-gencatlg |
||
| 942 |
_2ddc _cBK |
||
| 999 |
_c3422 _d3422 |
||